| 000 | 01205nam2a2200205 4500 | ||
|---|---|---|---|
| 001 | RU\NLR\PER_A\002780311_001370 | ||
| 005 | 20250702141529.0 | ||
| 035 | _a(NLR Aleph) 022546232 | ||
| 090 |
_a13412207 _c13412207 |
||
| 100 | _a20250521d2024 |||y0rusy50 ca | ||
| 101 | 0 | _arus | |
| 102 | _aRU | ||
| 200 | 0 | _a2024, № 4 (69) | |
| 210 | _d2024 | ||
| 461 | 0 |
_1001RU\NLR\Per\554862 _12001#$aПроблемы биологии продуктивных животных$eбюллетень ВНИИ физиологии, биохимии и питания сельскохозяйственных животных РАСХН$eнаучно-теоретический журнал$fРос. акад. с.-х. наук$v2024, № 4 (69) _92399373 _cБоровск _d2007 - _fРос. акад. с.-х. наук _n[б. и.] _oбюллетень ВНИИ физиологии, биохимии и питания сельскохозяйственных животных РАСХН : научно-теоретический журнал _tПроблемы биологии продуктивных животных _v2024, № 4 (69) |
|
| 852 |
_aNLR _jП14/796 |
||
| 942 | _cISSUE | ||
| 980 | _aRUSPER | ||
| 980 | _aNB | ||